000 00415nam a22001817a 4500
005 20230111123638.0
008 221217b |||||||| |||| 00| 0 eng d
020 _a9789390715541
041 _aeng
082 _a343 TAL-L
100 _aTALY , MALIKA
_97378
245 _aLOW OF TRANSFER OF PROPERTY
250 _a6th ed.
260 _bEBC
_c2022
300 _a470;P.
650 _aLAW
_95701
942 _cBK
999 _c8096
_d8094